| 000 | 00641nam a22001937a 4500 | ||
|---|---|---|---|
| 003 | 0 | ||
| 005 | 20250822105701.0 | ||
| 008 | 250121b xxu||||| |||| 00| 0 eng d | ||
| 020 | _a979-8-88836-134-4 | ||
| 050 |
_aTR 147 _b.P46 2023 |
||
| 100 | _aParker, Kendrick | ||
| 245 |
_aThe ultimate beginner's guide to photography _cParker, Kendrick |
||
| 260 |
_aNew York _bLarsen & Keller Education _c2023 |
||
| 300 |
_avi, 234 pages : _bcolored illustrations and pictures ; _c24cm. |
||
| 504 | _aIncludes bibliographical references and index. | ||
| 650 | _aPhotography. | ||
| 650 | _aPhotography--Vocational guidance. | ||
| 942 |
_2lcc _cBK |
||
| 999 |
_c367041 _d367041 |
||